00514ntaaa2200169 45000030003000000050017000030080021000200400037000410820017000781000020000952450029001152500010001442600047001543000009002015000118002106500016003280120251027202355.00714s1973 ag 01  aAR-BaBNbspacAR-BaBNeaacrdRIC a282.0000 Qu4 aQuiles, Ismael  aQué es el catolicismo? a1 ed. aBuenos Aires : bEditorial Columba, c1955 a79 p aSe expone con severa claridad el contenido del catolicismo en sus aspectos teológico, litúrgico y devocional. acatolicismo